04529pam a2200325 a 4500999001700000005001700017008004100034015001900075020001900094040002700113041000800140044000800148082001900156100003600175245007000211250003000281260006200311300013400373520148000507520165701987534002303644546000803667650005103675650004603726650005003772650004603822942001803868952015803886952015904044 c20916d2091620211112171656.0101020s2011 enka 000 0 eng d aGBB0C86862bnb a9781905811274  aCO-BoIAVH cCO-BoIAVH  aeng aenk00a635.0483bS6421 aSmit, Timd1954-eautor910331310aEden : the whole inspiring story of the Eden project /cTim Smit. a10th anniversary edition. aLondres (Inglaterra) :bBooks Edition Published,c©2011. a330 páginas :bIlustraciones y fotografías a color ;c20 x 25 cm. +e1 guía recorrido proyecto Eden (65 páginas; 21 cm.) a'With passion and commitment thousands of "small" people built Eden as a symbol of hope in action...We may all have feet of clay, but that shouldn't stop us trying to make a difference...We say, "Demand the impossible."' Tim Smit At the beginning of the twenty-first century, the impossible was delivered. From the sterile depths of a disused china clay pit in Cornwall rose one of the most remarkable and ambitious ventures in recent memory. The Eden Project's iconic biomes, the world's largest conservatories, are the symbol of a living theatre of plants and people and their interdependence, of regeneration and of a pioneering forum for the exploration of possible futures.Since Eden opened its doors to the world in March 2001, over eleven million visitors have flocked there, drawn by the astonishing vision of its founders, the ever-changing horticulture and the futuristic architecture. This is the extraordinary story of the Eden Project, of its conception, design and construction, and of the larger-than-life personalities who made it happen. It is the story of how the hope and energy of many men and women transformed a thrilling idea into the breathtaking reality of one of the world's great gardens. But Eden is more: it has mutated into an organization with projects and partnerships all over the world concerned with rehabilitation (physical and social), community education, biodiversity, town planning and sustainable construction and green employment.  a'Con pasión y compromiso, miles de personas "pequeñas" construyeron el Edén como un símbolo de esperanza en acción ... Puede que todos tengamos pies de barro, pero eso no debería impedirnos intentarlo para marcar la diferencia ... Decimos, "Exija lo imposible" '. Tim Smit A principios del siglo XXI, se entregó lo imposible. De las estériles profundidades de un pozo de arcilla de porcelana en desuso en Cornualles surgió una de las empresas más notables y ambiciosas de los últimos tiempos. Los icónicos biomas del Eden Project, los invernaderos más grandes del mundo, son el símbolo de un teatro vivo de plantas y personas y su interdependencia, de regeneración y de un foro pionero para la exploración de futuros posibles. Desde que Eden abrió sus puertas al mundo en marzo En 2001, más de once millones de visitantes han acudido allí, atraídos por la asombrosa visión de sus fundadores, la horticultura en constante cambio y la arquitectura futurista. Esta es la extraordinaria historia del Proyecto Edén, de su concepción, diseño y construcción, y de las personalidades más grandes que la vida que lo hicieron posible. Es la historia de cómo la esperanza y la energía de muchos hombres y mujeres transformaron una idea emocionante en la impresionante realidad de uno de los grandes jardines del mundo. Pero Eden es más: se ha convertido en una organización con proyectos y asociaciones en todo el mundo que se ocupan de la rehabilitación (física y social), la educación comunitaria, la biodiversidad, la planificación urbana y la construcción sostenible y el empleo verde.  pTexto en inglés. aeng 0aJardín botánicoxPlantasxDiseño9103319 0aInvernaderoxAspectos ambientales9103320 0aEntorno naturalxAspectos ambientales9103321 0aEducaciónxAspectos ambientales9103322 2ddccLIBROn0 00102ddc40708GENERALDGuíaaBogotabBogotad2021-11-10g50000.00l0o635.0483 S642p030509r2021-11-10 00:00:00tEj. 1w2021-11-10xDonacionyLIBRO 00102ddc40708GENERALaBogotabBogotad2021-11-10g50000.00l0o635.0483 S642p030510r2021-11-12 00:00:00tEj. 1 Guíaw2021-11-12xDonacionyFolleto